<?xml version="1.0" encoding="UTF-8"?>
<record
    xmlns:xsi="http://www.w3.org/2001/XMLSchema-instance"
    xsi:schemaLocation="http://www.loc.gov/MARC21/slim http://www.loc.gov/standards/marcxml/schema/MARC21slim.xsd"
    xmlns="http://www.loc.gov/MARC21/slim">

  <leader>019540000a22002170004500</leader>
  <controlfield tag="001">17655</controlfield>
  <datafield tag="020" ind1=" " ind2=" ">
    <subfield code="a">0-8308-2690-4</subfield>
  </datafield>
  <datafield tag="041" ind1="0" ind2=" ">
    <subfield code="a">Eng.</subfield>
  </datafield>
  <datafield tag="082" ind1="0" ind2="4">
    <subfield code="a">G 261.8343 V259m</subfield>
  </datafield>
  <datafield tag="100" ind1="1" ind2=" ">
    <subfield code="a">Van Leeuwen, Mary Stewart</subfield>
  </datafield>
  <datafield tag="245" ind1="1" ind2="0">
    <subfield code="a">My brother&#xB4;s keeper : what the social sciences do (and don&#xB4;t) tell us about masculinity / Mary Stewart Van Leeuwen</subfield>
  </datafield>
  <datafield tag="260" ind1=" " ind2=" ">
    <subfield code="a">Downer&#xB4;s Grove : Intervarsity</subfield>
  </datafield>
  <datafield tag="300" ind1=" " ind2=" ">
    <subfield code="a">255 p.</subfield>
  </datafield>
  <datafield tag="505" ind1="0" ind2="0">
    <subfield code="a">Masculinity under siege/ La masculinidad bajo asedio.--The biblical drama and the gendered powers / El drama b&#xED;blico y la lucha de poderes de los g&#xE9;neros.-- Masculinity and honor : a mixed legacy / La masculinidad y el honor: un legado ambiguo.--What can we learn from biology?/ Que podemos aprender de la biolog&#xED;a.--What can we learn from developmental psychology?/ Que podemos aprender del desarrollo sicol&#xF3;gico.--What can we learn from other cultures?/ Qu&#xE9; podemos aprender de otras culturas? -- The challenge of evolutionary psychology/ El desaf&#xED;o de la sicolog&#xED;a evolucionista -- Men, religion and the distortion of the cultural mandate / Hombres, religi&#xF3;n, y la distorsi&#xF3;n del mandato cultural  -- Men, religion and contemporary feminism / Hombres, religi&#xF3;n y el feminismo contempor&#xE1;neo. --Men, marriage and male parenting / Hombres, matrimonio, y la crianza paterna -- Men, masculinity and nonrelational sexuality / Hombres, masculinidad y sexualidad sin relaciones -- An agenda for gender reconciliation./ Una agenda para la reconciliaci&#xF3;n de g&#xE9;neros-- Names and subject indexes./ &#xCD;ndices de nombres y materias.</subfield>
  </datafield>
  <datafield tag="520" ind1=" " ind2=" ">
    <subfield code="a">Examina la masculinidad desde la perspectiva de una sic&#xF3;loga y te&#xF3;loga.</subfield>
  </datafield>
  <datafield tag="650" ind1="1" ind2="4">
    <subfield code="a">HOMBRES \ MASCULINIDAD (PSICOLOGIA) \ MASCULINIDAD - ASPECTOS RELIGIOSOS - CRISTIANISMO \ RELIGION Y LAS CIENCIAS SOCIALES \ HOMBRES (TEOLOGIA CRISTIANA)</subfield>
  </datafield>
  <datafield tag="942" ind1=" " ind2=" ">
    <subfield code="c">BK</subfield>
  </datafield>
  <datafield tag="952" ind1=" " ind2=" ">
    <subfield code="0">0</subfield>
    <subfield code="1">0</subfield>
    <subfield code="4">0</subfield>
    <subfield code="7">0</subfield>
    <subfield code="8">GEN</subfield>
    <subfield code="a">FUSBC</subfield>
    <subfield code="b">FUSBC</subfield>
    <subfield code="d">2012-08-02</subfield>
    <subfield code="l">0</subfield>
    <subfield code="o">G 261.8343 V259m </subfield>
    <subfield code="p">17626</subfield>
    <subfield code="r">2019-12-12 00:00:00</subfield>
    <subfield code="t">1</subfield>
    <subfield code="w">2016-01-26</subfield>
    <subfield code="y">BK</subfield>
    <subfield code="B">0</subfield>
    <subfield code="C">3</subfield>
  </datafield>
  <datafield tag="999" ind1=" " ind2=" ">
    <subfield code="c">44305</subfield>
    <subfield code="d">44305</subfield>
  </datafield>
  <datafield tag="336" ind1=" " ind2=" ">
    <subfield code="a">texto</subfield>
    <subfield code="b">txt</subfield>
    <subfield code="2">rdacontent</subfield>
  </datafield>
  <datafield tag="337" ind1=" " ind2=" ">
    <subfield code="2">rdamedia</subfield>
    <subfield code="a">sin mediaci&#xF3;n</subfield>
    <subfield code="b">n</subfield>
  </datafield>
  <datafield tag="338" ind1=" " ind2=" ">
    <subfield code="2">rdacarrier</subfield>
    <subfield code="a">volumen</subfield>
    <subfield code="b">nc</subfield>
  </datafield>
</record>
